|
|
|
|
| LEADER |
00000nam2a2200000 4500 |
| 001 |
107361 |
| 005 |
20231031115245.0 |
| 010 |
|
|
|a 5275008317
|
| 035 |
|
|
|a (RuTPU)RU\TPU\book\115919
|
| 090 |
|
|
|a 107361
|
| 100 |
|
|
|a 20061221d2003 m y0rusy50 ca
|
| 101 |
1 |
|
|a rus
|c eng
|
| 102 |
|
|
|a RU
|
| 105 |
|
|
|a y z 000ay
|
| 200 |
0 |
|
|a Т. 1: Холмы смерти
|e повести и рассказы
|
| 210 |
|
|
|d 2003
|
| 215 |
|
|
|a 464 с.
|
| 330 |
|
|
|a Роберт Говард (1906—1936) — один из самых талантливых писателей-фантастов Соединенных Штатов Америки, чье творчество было очень ярким, а жизнь — очень короткой. Первый том сочинений включает в себя повести и рассказы, главным героем которых является бесстрашный пуританин Соломон Кейн. Острием своей шпаги вершит он правосудие. Последним Рыцарем назвали его колонизаторы, Бичом Божьим — пираты и работорговцы...
|
| 461 |
|
1 |
|0 (RuTPU)RU\TPU\book\116220
|y 5-275-00830-9
|t Собрание сочинений
|o в 8 т.
|o пер. с англ.
|f Р. И. Говард
|v Т. 1: Холмы смерти: повести и рассказы
|d 2003-2004
|
| 610 |
1 |
|
|a английская литература
|
| 610 |
1 |
|
|a повести
|
| 610 |
1 |
|
|a рассказы
|
| 675 |
|
|
|a 82
|v 3
|
| 801 |
|
1 |
|a RU
|b 63413507
|c 20061221
|g PSBO
|
| 801 |
|
2 |
|a RU
|b 63413507
|c 20070126
|g PSBO
|
| 942 |
|
|
|c BK
|